00879cam a22002291 4500001001300000003000400013005001700017008004100034010001700075035001900092040001800111042001200129050001500141100003100156245030500187250001300492260003400505300001900539504004100558650003300599999001700632sa 68020525 DLC20260227112725.0780726s1965 io 000 0 ind  asa 68020525  a(OCoLC)4086627 aDLCcOAUdDLC apremarc00aBP44b.J841 aYunus, Mahmud,d1899-1982.10aMetodik chusus pendidikan agama;bmetode mengadjarkan pendidikan agama di sekolah dasar, S. M.P., S. M. A. dan fakultas² umum, serta metode mengadjarkan ilmu² agama di P. G. A. N. 6 tahun,cuntuk mahasiswa² Fakultas Tarbijah I. A. I. N. al-Djami'ah, dan dapat djuga untuk peladjar² P. G. A. Atas. aTjet. 1. aDjakarta,bAl-Hidajah,c1965. a105 p.c22 cm. aIncludes bibliographical references. 0aIslamic religious education. c89478d89478